| 000 | 00000nam##2200000za#4500 |
| 001 | 9.696182 |
| 003 | CaOODSP |
| 005 | 20241203113637 |
| 007 | cr ||||||||||| |
| 008 | 150407|2001||||xxc|||||o f|0| 0 eng|d |
| 040 | |aCaOODSP|beng |
| 043 | |an-cn--- |
| 086 | 1 |aEn21-206/2001E-PDF |
| 110 | 1 |aCanada. |bEnvironment Canada. |
| 245 | 10|aInforming environmental decisions : |h[electronic resource]|bfirst steps towards a Canadian information system for the environment |
| 260 | |aOttawa - Ontario : |bEnvironment Canada |cMay 2001. |
| 300 | |a32p.|bfigs. |
| 500 | |aThe catalogue number (EN21-206/2001E) and ISBN (0-662-30506-X) for the print edition have been incorrectly copied in this electronic publication. |
| 520 | 3 |aThe interim report of the Task Force on a Canadian Information System for the Environment to the Minister of the Environment |
| 590 | |a12-21-Supp|b2012-05-18 |
| 690 | 07|aEnvironment|2gcpds |
| 690 | 07|aInformation systems|2gcpds |
| 690 | 07|aEnvironmental management|2gcpds |
| 775 | 08|tLa prise de décisions éclairées en matière d'environnement : |w(CaOODSP)9.640299 |
| 776 | 0#|tInforming environmental decisions : |w(CaOODSP)9.648175 |
| 856 | 40|ahttp://publications.gc.ca|qPDF|s1.25 MB|uhttps://publications.gc.ca/collections/Collection/En21-206-2001E.pdf |